Compendio de geología general / (Registro nro. 3800)
[ vista simple ]
| 000 -LEADER | |
|---|---|
| fixed length control field | 02267nam a22003017a 4500 |
| 003 - CONTROL NUMBER IDENTIFIER | |
| control field | PE SENCICO BE |
| 005 - DATE AND TIME OF LATEST TRANSACTION | |
| control field | 20260317170038.0 |
| 008 - FIXED-LENGTH DATA ELEMENTS--GENERAL INFORMATION | |
| fixed length control field | 230130b |||||||| |||| 00| 0 eng d |
| 020 ## - INTERNATIONAL STANDARD BOOK NUMBER | |
| International Standard Book Number | 978-612-304-164-9 |
| 040 ## - CATALOGING SOURCE | |
| Original cataloging agency | PE SENCICO BE |
| Transcribing agency | PE SENCICO BE |
| 041 ## - LANGUAGE CODE | |
| Language code of text/sound track or separate title | spa |
| 082 ## - DEWEY DECIMAL CLASSIFICATION NUMBER | |
| Classification number | 550 |
| Item number | R77 |
| 100 1# - MAIN ENTRY--PERSONAL NAME | |
| 9 (RLIN) | 535 |
| Personal name | Rojas Caballero, David |
| Relator term | autor |
| 245 1# - TITLE STATEMENT | |
| Title | Compendio de geología general / |
| Statement of responsibility, etc. | David R. Rojas Caballero, Jorge Paredes Ángeles |
| 250 ## - EDITION STATEMENT | |
| Edition statement | 1a ed. |
| 260 ## - PUBLICATION, DISTRIBUTION, ETC. | |
| Place of publication, distribution, etc. | Lima: |
| Name of publisher, distributor, etc. | Macro, |
| Date of publication, distribution, etc. | 2013 |
| 300 ## - PHYSICAL DESCRIPTION | |
| Extent | 360 p. : |
| Other physical details | il. col., diagrs. ; |
| Dimensions | 25 cm. |
| 504 ## - BIBLIOGRAPHY, ETC. NOTE | |
| Bibliography, etc. note | Bibliografía: [359] p. |
| 505 0# - FORMATTED CONTENTS NOTE | |
| Formatted contents note | 1. Tópicos generales. -- 2. Magmatismo. -- 3. Meteorización o intemperismo. -- 4. Metamorfismo y rocas metamórficas. -- 5. Deformación de la corteza terrestre. -- 6. Formación de montañas y evolución continental. -- 7. Movimientos sísmicos. -- 8. Tiempo geológico y significado de los fósiles. -- 9. Movimiento del terreno superficial. -- 10. Acción geológica de las aguas superficiales. -- 11. Aguas subterráneas. -- 12. Acción geológica del mar. -- 13. Acción geológico del viento. -- 14. Glaciación. -- 15. Recursos naturales.<br/> |
| 520 3# - SUMMARY, ETC. | |
| Summary, etc. | La presente publicación tiene como objetivo brindar a los estudiantes una base sólida de conocimientos que los haga capaces de analizar y comprender la naturaleza de los sucesos geológicos más importantes. Se desarrollan conceptos fundamentales de la geología la cual evoluciona constantemente y va adquiriendo mayor importancia, en la aplicación de soluciones sobre problemas relativos al uso de los suelos, preservación del medio ambiente y ecología, uso racional y conservación de recursos naturales, prevención y defensa de desastres por fenómenos naturales; entre otros. Asimismo, se ha perfeccionado herramientas de búsqueda y prospección de depósitos de minerales, petróleo y gas mediante la aplicación de conocimientos de otras disciplinas y metodologías de investigación.<br/><br/> |
| 650 14 - SUBJECT ADDED ENTRY--TOPICAL TERM | |
| 9 (RLIN) | 536 |
| Topical term or geographic name entry element | Geología |
| 650 24 - SUBJECT ADDED ENTRY--TOPICAL TERM | |
| 9 (RLIN) | 537 |
| Topical term or geographic name entry element | Magmatismo |
| 650 24 - SUBJECT ADDED ENTRY--TOPICAL TERM | |
| 9 (RLIN) | 538 |
| Topical term or geographic name entry element | Recursos naturales |
| 650 24 - SUBJECT ADDED ENTRY--TOPICAL TERM | |
| 9 (RLIN) | 539 |
| Topical term or geographic name entry element | Geofísica |
| 650 24 - SUBJECT ADDED ENTRY--TOPICAL TERM | |
| 9 (RLIN) | 540 |
| Topical term or geographic name entry element | Aguas subterráneas |
| 700 1# - ADDED ENTRY--PERSONAL NAME | |
| 9 (RLIN) | 541 |
| Personal name | Paredes Ángeles, Jorge |
| Relator term | autor |
| 942 ## - ADDED ENTRY ELEMENTS (KOHA) | |
| Source of classification or shelving scheme | Dewey Decimal Classification |
| Koha item type | Libros |
| Classification part | 550 |
| Item part | R77 |
| Fecha de la última vez que lo usaron | Número de ingreso o de inventario | Pago total | Signatura topográfica completa | Código de barras | Precio efectivo desde | Tipo de documento | Estado perdido | Sistema de clasificación | Estado dañado | No es para préstamo | Retirado | Ubicación permanente | Ubicación actual | Fecha de adquisición |
|---|---|---|---|---|---|---|---|---|---|---|---|---|---|---|
| 30/01/2023 | 16384 | 550/R77 | BibLima26032675 | 30/01/2023 | Libros | Dewey Decimal Classification | Biblioteca Central Lima | Biblioteca Central Lima | 30/01/2023 | |||||
| 19/03/2026 | 550/R77 | BibZpiur26032676 | 19/03/2026 | Libros | Dewey Decimal Classification | Biblioteca Piura | Biblioteca Piura | 19/03/2026 |